<?xml version="1.0" encoding="UTF-8"?>
<record
    xmlns:xsi="http://www.w3.org/2001/XMLSchema-instance"
    xsi:schemaLocation="http://www.loc.gov/MARC21/slim http://www.loc.gov/standards/marcxml/schema/MARC21slim.xsd"
    xmlns="http://www.loc.gov/MARC21/slim">

  <leader>02150nam a22003017a 4500</leader>
  <controlfield tag="001">8581</controlfield>
  <controlfield tag="003">FISKH</controlfield>
  <controlfield tag="005">20251001155635.0</controlfield>
  <controlfield tag="008">251001b        cb ||||| |||| 00| 0 eng d</controlfield>
  <datafield tag="020" ind1=" " ind2=" ">
    <subfield code="a">9789996346149</subfield>
  </datafield>
  <datafield tag="040" ind1=" " ind2=" ">
    <subfield code="a">FISKH</subfield>
    <subfield code="b">khr</subfield>
    <subfield code="c">FISKH</subfield>
    <subfield code="d">FISKH</subfield>
  </datafield>
  <datafield tag="050" ind1=" " ind2=" ">
    <subfield code="a">PZ7</subfield>
  </datafield>
  <datafield tag="082" ind1=" " ind2=" ">
    <subfield code="a">590</subfield>
  </datafield>
  <datafield tag="100" ind1=" " ind2=" ">
    <subfield code="a">Fines, Soeun</subfield>
  </datafield>
  <datafield tag="245" ind1=" " ind2=" ">
    <subfield code="a">&#x1793;&#x17B7;&#x1793;&#x1785;&#x17B6;&#x179A;&#x1786;&#x17D2;&#x1798;&#x17B6;&#x178F;&#x17BC;&#x178F;&#x17BC; /</subfield>
    <subfield code="c">&#x1793;&#x17B7;&#x1796;&#x1793;&#x17D2;&#x1792;&#x178A;&#x17C4;&#x1799; &#x179B;&#x17C4;&#x1780; &#x179F;&#x17CA;&#x17B8;&#x1793; &#x17A0;&#x17D2;&#x179C;&#x17B8;&#x178E;&#x17C1;&#x179F;&#x17D2;&#x179C;</subfield>
  </datafield>
  <datafield tag="260" ind1=" " ind2=" ">
    <subfield code="a">Phnom Penh : </subfield>
    <subfield code="b">Reading Books , </subfield>
    <subfield code="c">2014.</subfield>
  </datafield>
  <datafield tag="300" ind1=" " ind2=" ">
    <subfield code="a">24 pages : </subfield>
    <subfield code="b">color illustrations ;</subfield>
    <subfield code="c">25 cm . </subfield>
  </datafield>
  <datafield tag="505" ind1=" " ind2=" ">
    <subfield code="a">K 
</subfield>
  </datafield>
  <datafield tag="520" ind1=" " ind2=" ">
    <subfield code="a">&#x178F;&#x17BC;&#x178F;&#x17BC;&#x1787;&#x17B6;&#x1786;&#x17D2;&#x1798;&#x17B6;&#x178A;&#x17C2;&#x179B;&#x1798;&#x17B6;&#x1793;&#x1798;&#x17A0;&#x17B7;&#x1785;&#x17D2;&#x1786;&#x178F;&#x17B6;&#x1785;&#x1784;&#x17CB;&#x1780;&#x17D2;&#x179B;&#x17B6;&#x1799;&#x1787;&#x17B6;&#x17A2;&#x17D2;&#x1793;&#x1780;&#x1798;&#x17B6;&#x1793;&#x179C;&#x17B6;&#x1780;&#x17CF;&#x1796;&#x17D2;&#x1799;&#x17B6;&#x1799;&#x17B6;&#x1798;&#x17A2;&#x17BD;&#x178F;&#x1794;&#x1784;&#x17D2;&#x17A0;&#x17B6;&#x1789;&#x1781;&#x17D2;&#x179B;&#x17BD;&#x1793;&#x1788;&#x17D2;&#x1798;&#x17BB;&#x179F;&#x1788;&#x17D2;&#x1798;&#x17BB;&#x179B;&#x1785;&#x17BC;&#x179B;&#x1794;&#x17D2;&#x179A;&#x1780;&#x17BD;&#x178F;&#x1794;&#x17D2;&#x179A;&#x1787;&#x17C2;&#x1784;&#x1782;&#x17D2;&#x179A;&#x1794;&#x17CB;&#x1791;&#x17B7;&#x179F;&#x1791;&#x17B8; &#x1791;&#x17C4;&#x17C7;&#x1794;&#x17B8;&#x1798;&#x17B6;&#x1793;&#x1780;&#x17B6;&#x179A;&#x1797;&#x17D0;&#x1799;&#x1781;&#x17D2;&#x179B;&#x17B6;&#x1785;&#x1799;&#x17C9;&#x17B6;&#x1784;&#x178E;&#x17B6;&#x1780;&#x17CF;&#x178A;&#x17C4;&#x1799; &#x17D4;&#x200B; &#x1791;&#x17B8;&#x1794;&#x17C9;&#x1795;&#x17BB;&#x178F;&#x179C;&#x17B6;&#x1780;&#x17CF;&#x1794;&#x17D2;&#x179A;&#x17BE;&#x1794;&#x17D2;&#x179A;&#x17B6;&#x1787;&#x17D2;&#x1789;&#x17B6;&#x178A;&#x17BE;&#x1798;&#x17D2;&#x1794;&#x17B8;&#x1799;&#x1780;&#x1788;&#x17D2;&#x1793;&#x17C7;&#x179B;&#x17BE;&#x179F;&#x178F;&#x17D2;&#x179C;&#x1780;&#x17C6;&#x178E;&#x17B6;&#x1785;&#x1787;&#x17B6;&#x1785;&#x17D2;&#x179A;&#x17BE;&#x1793; &#x1780;&#x17CF;&#x1794;&#x17B6;&#x1793;&#x1780;&#x17D2;&#x179B;&#x17B6;&#x1799;&#x1787;&#x17B6;&#x17A2;&#x17D2;&#x1793;&#x1780;&#x1780;&#x17D2;&#x179B;&#x17B6;&#x17A0;&#x17B6;&#x1793;&#x1794;&#x17D2;&#x179A;&#x1785;&#x17B6;&#x17C6;&#x1796;&#x17D2;&#x179A;&#x17C3;&#x178F;&#x17C2;&#x1798;&#x17D2;&#x178F;&#x1784; &#x17D4;&#x200B; &#x17A0;&#x17BE;&#x1799;&#x179C;&#x17B6;&#x1780;&#x17CF;&#x178A;&#x17B6;&#x1780;&#x17CB;&#x1788;&#x17D2;&#x1798;&#x17C4;&#x17C7;&#x17A2;&#x17C4;&#x1799;&#x1781;&#x17D2;&#x179B;&#x17BD;&#x1793;&#x17AF;&#x1784;&#x1790;&#x17B6;&#x200B;&#x1793;&#x17B7;&#x1793;&#x1785;&#x17B6;&#x179A;&#x1786;&#x17D2;&#x1798;&#x17B6;&#x178F;&#x17BC;&#x178F;&#x17BC; &#x17D4;&#x200B;</subfield>
  </datafield>
  <datafield tag="520" ind1=" " ind2=" ">
    <subfield code="a">Toto was a cat with great ambition to become wealthy. He always tried to show off and present himself as smart and capable, entering every competition and challenge, no matter how scared he was.
In the end, he used his cleverness to defeat many fierce animals and eventually became known as the bravest creature in the forest. He even gave himself the name &#x201C;Toto the Ninja Cat.&#x201D;</subfield>
  </datafield>
  <datafield tag="521" ind1="8" ind2=" ">
    <subfield code="a">510 
</subfield>
    <subfield code="b">Lexile estimate 
</subfield>
  </datafield>
  <datafield tag="521" ind1="8" ind2=" ">
    <subfield code="a">K 
</subfield>
    <subfield code="b">Raz-Plus 
</subfield>
  </datafield>
  <datafield tag="650" ind1=" " ind2=" ">
    <subfield code="a">&#x1793;&#x17B7;&#x1793;&#x1785;&#x17B6;&#x179A;&#x1786;&#x17D2;&#x1798;&#x17B6;&#x178F;&#x17BC;&#x178F;&#x17BC;</subfield>
    <subfield code="v">&#x179A;&#x17BF;&#x1784;&#x1793;&#x17B7;&#x1791;&#x17B6;&#x1793;&#x1780;&#x17BB;&#x1798;&#x17B6;&#x179A;&#x200B;</subfield>
  </datafield>
  <datafield tag="650" ind1=" " ind2=" ">
    <subfield code="a">Ninja ToTo</subfield>
    <subfield code="v">Children's stories </subfield>
  </datafield>
  <datafield tag="700" ind1=" " ind2=" ">
    <subfield code="a">Saren, Koam </subfield>
    <subfield code="e">Illustrator </subfield>
  </datafield>
  <datafield tag="942" ind1=" " ind2=" ">
    <subfield code="2">ddc</subfield>
    <subfield code="c">KHB</subfield>
    <subfield code="n">0</subfield>
  </datafield>
  <datafield tag="999" ind1=" " ind2=" ">
    <subfield code="c">8581</subfield>
    <subfield code="d">8581</subfield>
  </datafield>
  <datafield tag="952" ind1=" " ind2=" ">
    <subfield code="0">0</subfield>
    <subfield code="1">0</subfield>
    <subfield code="2">ddc</subfield>
    <subfield code="4">0</subfield>
    <subfield code="7">0</subfield>
    <subfield code="8">KH</subfield>
    <subfield code="a">002</subfield>
    <subfield code="b">002</subfield>
    <subfield code="c">TTP Khmer</subfield>
    <subfield code="d">2025-10-01</subfield>
    <subfield code="l">0</subfield>
    <subfield code="o">FIN PZ7 590</subfield>
    <subfield code="p">FISBK03794</subfield>
    <subfield code="r">2025-10-01 15:56:32</subfield>
    <subfield code="t">1</subfield>
    <subfield code="w">2025-10-01</subfield>
    <subfield code="y">KHB</subfield>
  </datafield>
  <datafield tag="952" ind1=" " ind2=" ">
    <subfield code="0">0</subfield>
    <subfield code="1">0</subfield>
    <subfield code="2">ddc</subfield>
    <subfield code="4">0</subfield>
    <subfield code="7">0</subfield>
    <subfield code="8">KH</subfield>
    <subfield code="a">002</subfield>
    <subfield code="b">002</subfield>
    <subfield code="c">TTP Khmer</subfield>
    <subfield code="d">2025-10-09</subfield>
    <subfield code="l">0</subfield>
    <subfield code="o">FIN PZ7 590</subfield>
    <subfield code="p">FISBK03783</subfield>
    <subfield code="r">2025-10-09 14:31:32</subfield>
    <subfield code="t">2</subfield>
    <subfield code="w">2025-10-09</subfield>
    <subfield code="y">KHB</subfield>
  </datafield>
</record>
